Statistiques concernant Pays les plus proches du Mali - Sprint d'une minute

Cliquez ici pour prendre le quiz!

Statistiques générales

  • Ce quiz a été pris 110 fois
  • Le résultat moyen est 14 sur 20

Statistiques - réponses

kmpays% Correct
0Algérie
97%
363Maroc
95%
0Niger
91%
0Mauritanie
89%
0Sénégal
88%
0Guinée
84%
214Nigeria
82%
0Côte d'Ivoire
80%
0Burkina Faso
79%
1018Tchad
74%
393Togo
73%
326Bénin
72%
189Gambie
68%
226Ghana
68%
208Guinée-Bissau
67%
281Liberia
64%
223Sierra Leone
61%
867Libye
54%
816Espagne
16%
238Sahara occidental
11%

Distribution des résultats

Percentile par nombre de réponses

% des personnes avec chaque résultat

Votre développement - résultats

Vous n’avez pas pris ce quiz